| 000 | 01015nmm a2200289 a 4500 | ||
|---|---|---|---|
| 001 | ocm000709078 | ||
| 003 | TR-IsHL | ||
| 005 | 20201028142848.0 | ||
| 008 | 140118s2012 tu tur | ||
| 007 | cr cn | ||
| 035 |
_a709078 _b(N$T) |
||
| 050 | 0 | 4 |
_aHX376.7.A8 _bB85 2012 |
| 090 | 0 | 4 |
_aHX376.7.A8 _bB85 2012 |
| 100 | 1 | _aBulut, Ali | |
| 245 | 1 | 0 |
_aSıcak sarı kan kırmızı _h[electronic resource] / _cAli Bulut |
| 250 | _a1. basım. | ||
| 260 |
_aİstanbul : _bTÜSTAV, _c2012 |
||
| 300 | _a141 p. | ||
| 650 | 4 | _aPolitika ve Uluslararası İlişkiler | |
| 650 | 4 | _aPolitics and International Relations | |
| 650 | 0 |
_aKomünizm _x Türkiye _x Tarih |
|
| 650 | 0 |
_aCommunism _x Turkey _x History |
|
| 650 | 0 |
_aSosyalizm _x Türkiye _x Tarih |
|
| 650 | 0 |
_aSocialism _x Turkey _x History |
|
| 650 | 7 |
_aPOLITICAL SCIENCE / Political Ideologies / Communism, Post-Communism & Socialism _2bisacsh |
|
| 856 | 4 | 0 | _uhttp://search.ebscohost.com/login.aspx?direct=true&scope=site&db=e011xww&AN=709078 |
| 999 |
_c8588 _d8588 |
||